טוען...
Principles and practice of management
| מחבר ראשי: | |
|---|---|
| פורמט: | Printed Book |
| שפה: | Undetermined English |
| יצא לאור: |
New Delhi
Sultan Chand And Sons
1995
|
| נושאים: |
| LEADER | 00570nam a2200193Ia 4500 | ||
|---|---|---|---|
| 008 | 140306s9999 xx 000 0 und d | ||
| 041 | |a eng | ||
| 082 | |a 650 |b PRA/PR | ||
| 100 | |a Prasad, L M | ||
| 245 | |a Principles and practice of management | ||
| 260 | |a New Delhi |b Sultan Chand And Sons |c 1995 | ||
| 300 | |a 730 | ||
| 365 | |b Rs.75 | ||
| 650 | |a HRM | ||
| 650 | |a MIS | ||
| 650 | |a Organizational groups | ||
| 942 | |2 ddc |c BK | ||
| 999 | |c 182759 |d 182759 | ||
| 952 | |0 0 |1 0 |2 ddc |4 0 |6 650_000000000000000_PRA_PR |7 0 |9 188497 |a KAUCBV |b KAUCBV |g 75.00 |o 650 PRA/PR |r 2014-03-22 |w 2014-03-22 |y BK | ||